[Event "Chigorin Memorial"]
[Site "St Petersburg"]
[Date "2016.10.22"]
[Round "8.116"]
[White "Korchagina, Viktoria"]
[Black "Scheglov, Dmitry"]
[Result "1/2-1/2"]
[WhiteElo "2126"]
[BlackElo "1953"]
[PlyCount "112"]
[EventDate "2016.10.15"]
[EventType "swiss"]
[EventRounds "9"]
[EventCountry "RUS"]

1. e4 e6 2. d4 d5 3. Nc3 Bb4 4. exd5 exd5 5. Bd3 Nc6 6. a3 Bxc3+ 7. bxc3 Nge7
8. Qf3 Be6 9. Ne2 Qd7 10. Ng3 O-O-O 11. O-O f6 12. Re1 Rde8 13. Qe2 Nd8 14. c4
h5 15. cxd5 Nxd5 16. Ne4 Bf5 17. Qd2 g5 18. Bb2 Rhf8 19. Qa5 Nc6 20. Qb5 a6 21.
Qb3 Na5 22. Qa2 Nf4 23. Nc5 Qh7 24. Bc3 Bxd3 25. cxd3 Nc6 26. Qb2 b6 27. Rxe8+
Rxe8 28. d5 Nb8 29. Ne4 Qf5 30. f3 Nxd5 31. Rc1 Nd7 32. Bd4 Kb8 33. Qc2 g4 34.
fxg4 Qxg4 35. Qc6 Rg8 36. g3 Qf5 37. Rf1 Ne7 38. Qa4 Qd5 39. Bxf6 Nc6 40. Rc1
Kb7 41. Qc4 Qxc4 42. Rxc4 Nxf6 43. Nxf6 Rg5 44. Rh4 Rf5 45. Nxh5 Ne5 46. Kg2
Nxd3 47. Nf4 Nxf4+ 48. Rxf4 Rxf4 49. gxf4 Kc6 50. h4 Kd5 51. h5 Ke6 52. h6 Kf7
53. f5 c5 54. Kf3 c4 55. Ke3 b5 56. Kd4 Kf6 1/2-1/2

[Event "Chigorin Memorial"]
[Site "St Petersburg"]
[Date "2016.10.22"]
[Round "8.117"]
[White "Grishaev, Igor"]
[Black "Barchuk, Irina"]
[Result "0-1"]
[WhiteElo "1956"]
[BlackElo "2126"]
[PlyCount "56"]
[EventDate "2016.10.15"]
[EventType "swiss"]
[EventRounds "9"]
[EventCountry "RUS"]

1. d4 Nf6 2. Nf3 g6 3. c4 Bg7 4. Nc3 O-O 5. e4 d6 6. h3 e5 7. Bg5 exd4 8. Nxd4
Nc6 9. Be2 Bd7 10. O-O Nxd4 11. Qxd4 Nxe4 12. Qxe4 Qxg5 13. Qxb7 Rab8 14. Qxc7
Bxh3 15. Bf3 Be5 16. Rfe1 Rxb2 17. Rxe5 Qxe5 18. Nd5 Be6 19. Ne7+ Kg7 20. Nc6
Qc5 21. Qxa7 Qxa7 22. Nxa7 Bxc4 23. a4 d5 24. Nc6 Ra8 25. a5 Ra6 26. Ne7 Rb5
27. Re1 Rbxa5 28. Kh2 Re6 0-1

[Event "Chigorin Memorial"]
[Site "St Petersburg"]
[Date "2016.10.22"]
[Round "8.118"]
[White "Krasovskiy, Sviatoslav"]
[Black "Shirshov, Nikolay"]
[Result "1-0"]
[WhiteElo "2123"]
[BlackElo "1945"]
[PlyCount "83"]
[EventDate "2016.10.15"]
[EventType "swiss"]
[EventRounds "9"]
[EventCountry "RUS"]

1. c4 c5 2. Nc3 Nc6 3. g3 g6 4. Bg2 Bg7 5. d3 d6 6. Rb1 e6 7. Nf3 Nge7 8. O-O
O-O 9. a3 Rb8 10. Bd2 a6 11. b4 cxb4 12. axb4 b5 13. Ne4 bxc4 14. dxc4 d5 15.
Nc5 dxc4 16. Qc2 c3 17. Bxc3 Bxc3 18. Qxc3 Nd5 19. Qc1 Rxb4 20. Ra1 Qb6 21. e4
Nf6 22. e5 Ng4 23. Nd3 Rb3 24. Ra4 Rxd3 25. Rxg4 Rxf3 26. Rh4 Nxe5 27. Qh6 Rd8
28. Qxh7+ Kf8 29. Qh8+ Ke7 30. Qxe5 Rf5 31. Qc3 Bb7 32. Qa3+ Kf6 33. Rb4 Rb5
34. Rf4+ Rf5 35. Qa1+ Ke7 36. Rxf5 Bxg2 37. Qf6+ Kd7 38. Rd1+ Kc8 39. Rxd8+
Qxd8 40. Rc5+ Kd7 41. Qxd8+ Kxd8 42. Kxg2 1-0

[Event "Chigorin Memorial"]
[Site "St Petersburg"]
[Date "2016.10.22"]
[Round "8.119"]
[White "Efremov, Vladislav"]
[Black "Veselov, Andrey"]
[Result "1/2-1/2"]
[WhiteElo "1933"]
[BlackElo "2122"]
[PlyCount "127"]
[EventDate "2016.10.15"]
[EventType "swiss"]
[EventRounds "9"]
[EventCountry "RUS"]

1. d4 d5 2. c4 e6 3. Nf3 Be7 4. e3 Nf6 5. Nbd2 Nbd7 6. Bd3 c5 7. O-O O-O 8. b3
cxd4 9. Nxd4 Ne5 10. Be2 Qb6 11. Bb2 Ng6 12. N4f3 Rd8 13. Qc2 Bd7 14. Bd4 Qc7
15. Qb2 Rdc8 16. Bd3 dxc4 17. Nxc4 b5 18. Nce5 Be8 19. Qe2 Qa5 20. a3 Nd5 21.
b4 Qa4 22. Nxg6 hxg6 23. Be4 a5 24. Rfb1 Ra6 25. Ne1 Rac6 26. Ra2 Rc1 27. Rxc1
Rxc1 28. Bc2 Bxb4 29. Bxa4 Rxe1+ 30. Qxe1 Bxe1 31. Bb3 a4 32. Bxd5 exd5 33. Rc2
f6 34. Kf1 Ba5 35. Rc8 Kf7 36. Ra8 Bd2 37. Ra7+ Ke6 38. Ke2 Bc1 39. Bc5 Bd7 40.
Kd3 Bb2 41. Kc2 Ba1 42. Ra6+ Ke5 43. Bd6+ Ke4 44. Ra7 Bf5 45. Re7+ Be5 46. Bc5
d4 47. exd4 Kd5+ 48. Kc3 Bxh2 49. g3 Bg1 50. Re2 Bg4 51. Rb2 Kc6 52. Kd3 g5 53.
Ke3 f5 54. Rb1 Bh2 55. f3 f4+ 56. Ke2 Bf5 57. Rc1 fxg3 58. Ba7+ Kb7 59. Bc5 Be6
60. Bd6 Bc4+ 61. Ke3 Kc6 62. Be5 Kd5 63. Rb1 g6 64. Rc1 1/2-1/2

[Event "Chigorin Memorial"]
[Site "St Petersburg"]
[Date "2016.10.22"]
[Round "8.120"]
[White "Baranov, Andrey"]
[Black "Ismagilov, Damir"]
[Result "1/2-1/2"]
[WhiteElo "2121"]
[BlackElo "1927"]
[PlyCount "81"]
[EventDate "2016.10.15"]
[EventType "swiss"]
[EventRounds "9"]
[EventCountry "RUS"]

1. b3 e5 2. Bb2 d6 3. e3 Nc6 4. g3 Nf6 5. Bg2 g6 6. Ne2 Bg7 7. O-O O-O 8. d3
Be6 9. c4 Qd7 10. Re1 Rfe8 11. Nbc3 Rad8 12. Nd5 Ne7 13. Nec3 c6 14. Nxf6+ Bxf6
15. Ne4 Bg7 16. Qc2 Qc8 17. Rad1 Bg4 18. f3 Bh3 19. Bh1 Bf5 20. f4 d5 21. Nf2
dxc4 22. bxc4 exf4 23. gxf4 Bxb2 24. Qxb2 Qc7 25. Be4 Rd6 26. Kh1 Re6 27. Rb1
b6 28. Rg1 Qd6 29. Qc3 Qc5 30. Bxf5 Nxf5 31. Ng4 Nxe3 32. Nh6+ Kf8 33. Qh8+ Ke7
34. Qxh7 Qh5 35. Ng8+ Kd6 36. Qxh5 gxh5 37. h3 Nf5 38. Rg5 Nd4 39. Rf1 h4 40.
a4 Ne2 41. Kg2 1/2-1/2

[Event "Chigorin Memorial"]
[Site "St Petersburg"]
[Date "2016.10.22"]
[Round "8.121"]
[White "Bondarenko, Dmitry"]
[Black "Enkhbat, Tsendragchaa"]
[Result "1-0"]
[WhiteElo "1918"]
[BlackElo "2113"]
[PlyCount "42"]
[EventDate "2016.10.15"]
[EventType "swiss"]
[EventRounds "9"]
[EventCountry "RUS"]

1. Nf3 d5 2. d4 e6 3. c3 Nf6 4. Bg5 Be7 5. Nbd2 c5 6. e3 Nc6 7. Be2 Qc7 8. O-O
e5 9. dxe5 Nxe5 10. Nxe5 Qxe5 11. Bxf6 Bxf6 12. Nf3 Qd6 13. Qc2 O-O 14. Rfd1
Be6 15. b3 Qc6 16. Rac1 Rfd8 17. Ne1 Rac8 18. Bf3 Qc7 19. Nd3 Qa5 20. Nf4 h6
21. Nxe6 fxe6 1-0

[Event "Chigorin Memorial"]
[Site "St Petersburg"]
[Date "2016.10.22"]
[Round "8.122"]
[White "Mirzaeva, Gulnara"]
[Black "Tersinsev, Andrey"]
[Result "1-0"]
[WhiteElo "1919"]
[BlackElo "2107"]
[PlyCount "77"]
[EventDate "2016.10.15"]
[EventType "swiss"]
[EventRounds "9"]
[EventCountry "RUS"]

1. e4 c5 2. Nf3 Nc6 3. d4 cxd4 4. Nxd4 e5 5. Nb5 d6 6. c4 Be7 7. N1c3 a6 8. Na3
Nf6 9. Be2 Nd4 10. Nc2 Nxe2 11. Qxe2 Be6 12. Ne3 Rc8 13. Bd2 O-O 14. O-O Nd7
15. b3 Bg5 16. Ned5 Bxd2 17. Qxd2 Nc5 18. f3 Rb8 19. Rfd1 b5 20. cxb5 axb5 21.
b4 Na6 22. a4 bxa4 23. Rxa4 Nc7 24. h3 Nb5 25. Nxb5 Rxb5 26. Qd3 Qb8 27. Ra8
Qxa8 28. Qxb5 Qa7+ 29. Kh2 Rb8 30. Qc6 Qd7 31. Qa6 Kf8 32. Rd2 f6 33. b5 Kf7
34. b6 Bxd5 35. Rxd5 Ke7 36. Ra5 Qc6 37. Qa7+ Rb7 38. Qxb7+ Qxb7 39. Ra7 1-0

[Event "Chigorin Memorial"]
[Site "St Petersburg"]
[Date "2016.10.22"]
[Round "8.123"]
[White "Shmoilov, Dmitry"]
[Black "Ivanov, Sergei V"]
[Result "1-0"]
[WhiteElo "1916"]
[BlackElo "2093"]
[PlyCount "63"]
[EventDate "2016.10.15"]
[EventType "swiss"]
[EventRounds "9"]
[EventCountry "RUS"]

1. d4 Nf6 2. c4 g6 3. f3 Bg7 4. e4 d6 5. Nc3 O-O 6. Bg5 Nc6 7. Nge2 a6 8. d5
Ne5 9. Ng3 c5 10. a4 Qa5 11. Ra3 Re8 12. Be2 Qc7 13. O-O h6 14. Be3 Kh7 15. h3
Ng8 16. f4 Nd7 17. e5 dxe5 18. f5 Ngf6 19. fxg6+ fxg6 20. Nce4 b6 21. Qc2 Nf8
22. Nh5 Nxh5 23. Bxh5 Kh8 24. Bf3 Rb8 25. Qf2 e6 26. Qh4 Kh7 27. d6 Qa7 28. Bg5
Nd7 29. Be7 Nf8 30. Nf6+ Bxf6 31. Qxf6 Kg8 32. Bc6 1-0

[Event "Chigorin Memorial"]
[Site "St Petersburg"]
[Date "2016.10.22"]
[Round "8.124"]
[White "Lapushnian, Eran"]
[Black "Aseev, Vladimir"]
[Result "0-1"]
[WhiteElo "1910"]
[BlackElo "2087"]
[PlyCount "40"]
[EventDate "2016.10.15"]
[EventType "swiss"]
[EventRounds "9"]
[EventCountry "RUS"]

1. e4 c5 2. Nf3 e6 3. d4 cxd4 4. Nxd4 Qb6 5. c4 Bc5 6. Be3 Nc6 7. Nb5 Bxe3 8.
Nd6+ Ke7 9. fxe3 Qb4+ 10. Nc3 Qxd6 11. Qg4 Kf8 12. Rd1 Qb4 13. Rd2 Qc5 14. Qg3
Qe5 15. Qf3 Nf6 16. Be2 h5 17. O-O Rh6 18. Bd3 a6 19. Na4 Qa5 20. Bc2 Qxd2 0-1

[Event "Chigorin Memorial"]
[Site "St Petersburg"]
[Date "2016.10.22"]
[Round "8.125"]
[White "Protopopova, Anastasiya"]
[Black "Yaroslavtsev, Artem"]
[Result "1-0"]
[WhiteElo "2082"]
[BlackElo "1910"]
[PlyCount "39"]
[EventDate "2016.10.15"]
[EventType "swiss"]
[EventRounds "9"]
[EventCountry "RUS"]

1. d4 Nf6 2. c4 g6 3. Nc3 d5 4. Bf4 Bg7 5. e3 O-O 6. Rc1 Be6 7. cxd5 Nxd5 8.
Nxd5 Qxd5 9. b3 Na6 10. Nf3 Rfc8 11. Qd2 c5 12. Bc4 Qd7 13. d5 Bf5 14. Ne5 Bxe5
15. Bxe5 b5 16. Be2 Be4 17. f3 Bxd5 18. Rd1 Rd8 19. e4 f6 20. Bg3 1-0

[Event "Chigorin Memorial"]
[Site "St Petersburg"]
[Date "2016.10.22"]
[Round "8.126"]
[White "Dmitriev, Vladimir"]
[Black "Mukhtarova, Anastasiia"]
[Result "1-0"]
[WhiteElo "2081"]
[BlackElo "1869"]
[PlyCount "73"]
[EventDate "2016.10.15"]
[EventType "swiss"]
[EventRounds "9"]
[EventCountry "RUS"]

1. e4 c5 2. Nc3 e6 3. g3 Nc6 4. Bg2 Nf6 5. f4 d5 6. e5 Nd7 7. Nf3 Be7 8. d3 b5
9. h4 b4 10. Ne2 a5 11. d4 Qb6 12. c3 Ba6 13. f5 Bxe2 14. Qxe2 cxd4 15. fxe6
fxe6 16. cxd4 Nxd4 17. Nxd4 Qxd4 18. Bf4 O-O 19. Bh3 Qb6 20. O-O-O a4 21. Qg4
Rf5 22. Kb1 Ra5 23. Bh6 Bf8 24. Rhf1 Nxe5 25. Qe2 Rxf1 26. Rxf1 d4 27. Bf4 d3
28. Qe4 Qd6 29. Bd2 Be7 30. a3 Qc7 31. Bxe6+ Kh8 32. Rc1 Qd6 33. Rc8+ Bd8 34.
axb4 Ra7 35. Qxe5 Qb6 36. Bf5 Qg1+ 37. Ka2 1-0

[Event "Chigorin Memorial"]
[Site "St Petersburg"]
[Date "2016.10.22"]
[Round "8.127"]
[White "Budnikova, Varvara"]
[Black "Lavrinovitsh, Denis"]
[Result "1/2-1/2"]
[WhiteElo "1906"]
[BlackElo "2081"]
[PlyCount "35"]
[EventDate "2016.10.15"]
[EventType "swiss"]
[EventRounds "9"]
[EventCountry "RUS"]

1. e4 e6 2. d4 d5 3. Nd2 Nf6 4. e5 Nfd7 5. f4 c5 6. c3 Nc6 7. Ndf3 cxd4 8. cxd4
Bb4+ 9. Kf2 Be7 10. Bd3 f6 11. Ne2 O-O 12. Be3 Qe8 13. Rf1 fxe5 14. fxe5 Nb6
15. Qc2 Qh5 16. Nf4 Qh6 17. Nh3 Qh5 18. Nf4 1/2-1/2

[Event "Chigorin Memorial"]
[Site "St Petersburg"]
[Date "2016.10.22"]
[Round "8.128"]
[White "Kamnev, Alexander"]
[Black "Shapiyanov, Adam"]
[Result "1-0"]
[WhiteElo "2073"]
[BlackElo "1857"]
[PlyCount "89"]
[EventDate "2016.10.15"]
[EventType "swiss"]
[EventRounds "9"]
[EventCountry "RUS"]

1. e4 c5 2. Nf3 d6 3. c4 Nf6 4. Nc3 g6 5. d4 cxd4 6. Nxd4 Bg7 7. Be2 O-O 8. Be3
Nc6 9. O-O a6 10. Rc1 e6 11. Qd2 Bd7 12. f3 Rc8 13. Rfd1 Ne5 14. b3 Qc7 15. h3
Rfd8 16. f4 Nc6 17. Bf3 Qb8 18. Nde2 Be8 19. g4 b5 20. g5 Nh5 21. Bxh5 gxh5 22.
cxb5 axb5 23. Ng3 f6 24. Qe2 h4 25. Nh5 Bxh5 26. Qxh5 fxg5 27. Qxg5 Kh8 28.
Qxb5 Bxc3 29. Qxb8 Nxb8 30. Rxc3 Rxc3 31. Bd4+ Kg8 32. Bxc3 Kf7 33. Be1 Nc6 34.
Bxh4 Rd7 35. Be1 d5 36. b4 Rb7 37. exd5 exd5 38. a4 Ke6 39. b5 Ne7 40. Rb1 Nc6
41. a5 Nd4 42. b6 Nc6 43. a6 Rg7+ 44. Kh1 Nd4 45. Bf2 1-0

[Event "Chigorin Memorial"]
[Site "St Petersburg"]
[Date "2016.10.22"]
[Round "8.129"]
[White "Gorbatenko, Alexander"]
[Black "Stolyarsky, Yegor"]
[Result "1-0"]
[WhiteElo "2067"]
[BlackElo "1751"]
[PlyCount "93"]
[EventDate "2016.10.15"]
[EventType "swiss"]
[EventRounds "9"]
[EventCountry "RUS"]

1. d4 Nf6 2. c4 g6 3. Nc3 Bg7 4. e4 d6 5. Be2 O-O 6. Bg5 Nbd7 7. Qd2 e5 8. Nf3
Qe8 9. O-O exd4 10. Nxd4 Nxe4 11. Nxe4 Qxe4 12. Nb5 Qc6 13. Bf3 Qxc4 14. a4 Nc5
15. Bd5 Qd3 16. Qxd3 Nxd3 17. Nxc7 Rb8 18. Be7 Bg4 19. Bxf8 Kxf8 20. Bf3 Bxf3
21. gxf3 Nxb2 22. a5 Nc4 23. Ra4 Nd2 24. Rc1 Nxf3+ 25. Kg2 Ng5 26. Rb4 Ne6 27.
Nxe6+ fxe6 28. Rc7 b5 29. Rxa7 Bc3 30. Rf4+ Kg8 31. Ra6 e5 32. Rf6 Bd4 33. Rf3
b4 34. Rb3 Bc5 35. Rc6 Ra8 36. a6 Ra7 37. Rf3 e4 38. Rf4 Re7 39. Rc8+ Kg7 40.
Rb8 d5 41. Rff8 d4 42. Rfc8 e3 43. fxe3 dxe3 44. Rxc5 e2 45. Rc1 b3 46. Rb7 b2
47. Re1 1-0

[Event "Chigorin Memorial"]
[Site "St Petersburg"]
[Date "2016.10.22"]
[Round "8.131"]
[White "Vorobyova, Valeriya"]
[Black "Sinitsina, Anastassia"]
[Result "0-1"]
[WhiteElo "1830"]
[BlackElo "2047"]
[PlyCount "88"]
[EventDate "2016.10.15"]
[EventType "swiss"]
[EventRounds "9"]
[EventCountry "RUS"]

1. e4 c5 2. Nf3 d6 3. d4 cxd4 4. Nxd4 Nf6 5. Nc3 a6 6. Bg5 Nbd7 7. Qd2 Qc7 8.
O-O-O b5 9. Nf5 Bb7 10. Re1 h6 11. Bf4 e5 12. Nd5 Bxd5 13. exd5 Rc8 14. Bg3 g6
15. Ne3 h5 16. h4 Bh6 17. Bd3 Nxd5 18. Kb1 Nxe3 19. fxe3 O-O 20. Rhf1 Nc5 21.
Rf6 Bg7 22. Rf2 Qc6 23. e4 Qd7 24. Ref1 Qg4 25. Qg5 Qxg5 26. hxg5 Rcd8 27. Re1
Rfe8 28. Bf1 Bf8 29. c4 b4 30. Rd2 Be7 31. Bh4 Ne6 32. Red1 Bxg5 33. Bxg5 Nxg5
34. Rxd6 Rxd6 35. Rxd6 Nxe4 36. Rd7 Ng3 37. Rd1 e4 38. Kc2 Kg7 39. Re1 f5 40.
Kd2 f4 41. b3 e3+ 42. Kd3 Rd8+ 43. Kc2 Rd2+ 44. Kc1 Rxa2 0-1

[Event "Chigorin Memorial"]
[Site "St Petersburg"]
[Date "2016.10.22"]
[Round "8.132"]
[White "Altshul, Raffael"]
[Black "Lapin, Nikita"]
[Result "1-0"]
[WhiteElo "2044"]
[BlackElo "1686"]
[PlyCount "103"]
[EventDate "2016.10.15"]
[EventType "swiss"]
[EventRounds "9"]
[EventCountry "RUS"]

1. d4 Nf6 2. c4 g6 3. Nc3 Bg7 4. e4 d6 5. f4 O-O 6. Nf3 c5 7. d5 e6 8. Be2 exd5
9. exd5 Bf5 10. O-O Re8 11. Bd3 Bxd3 12. Qxd3 Nbd7 13. Bd2 Qb6 14. b3 Re7 15.
Rae1 Rae8 16. Rxe7 Rxe7 17. h3 a6 18. Re1 Qd8 19. f5 Rxe1+ 20. Bxe1 Qe7 21.
fxg6 hxg6 22. Bh4 Ne5 23. Nxe5 Qxe5 24. Bg3 Qd4+ 25. Qxd4 cxd4 26. Nd1 Ne4 27.
Bf4 Nc3 28. Nxc3 dxc3 29. Kf1 Be5 30. Bc1 b5 31. cxb5 axb5 32. a3 Kg7 33. Ke2
Kf6 34. Kd3 Kf5 35. g4+ Kf6 36. a4 bxa4 37. bxa4 Ke7 38. Ba3 Kd7 39. Bb4 Kc7
40. Bxc3 Bg3 41. Bb4 Kb6 42. Ke4 Kc7 43. Kf3 Bh4 44. Kf4 f6 45. Kf3 Kd7 46. a5
Kc7 47. a6 Kb6 48. Bxd6 Kxa6 49. Bg3 Bg5 50. h4 Bh6 51. h5 g5 52. Ke4 1-0

[Event "Chigorin Memorial"]
[Site "St Petersburg"]
[Date "2016.10.22"]
[Round "8.133"]
[White "Matchenya, Ivan"]
[Black "Anu, Bayar"]
[Result "1-0"]
[WhiteElo "1812"]
[BlackElo "2038"]
[PlyCount "57"]
[EventDate "2016.10.15"]
[EventType "swiss"]
[EventRounds "9"]
[EventCountry "RUS"]

1. e4 d5 2. exd5 Qxd5 3. Nc3 Qd6 4. d4 Nf6 5. Bc4 a6 6. Nge2 Qc6 7. Qd3 Qxg2 8.
Rg1 Qxh2 9. Bf4 Qh3 10. Rg3 Qf5 11. Qd2 b5 12. Rg5 Qd7 13. Bb3 Bb7 14. O-O-O h6
15. Rc5 Bc6 16. Qe3 e6 17. Rxc6 Qxc6 18. d5 Qb6 19. Qf3 e5 20. Bxe5 Nbd7 21. d6
c6 22. Bd4 Qb7 23. Qe3+ Kd8 24. Bxf7 Qb8 25. Bxf6+ Nxf6 26. d7 Bd6 27. Qe6 Nxd7
28. Rxd6 Ra7 29. Nd4 1-0

[Event "Chigorin Memorial"]
[Site "St Petersburg"]
[Date "2016.10.22"]
[Round "8.136"]
[White "Semenenko, Sergey"]
[Black "Tarnopolskiy, Lev"]
[Result "1-0"]
[WhiteElo "2184"]
[BlackElo "1913"]
[PlyCount "73"]
[EventDate "2016.10.15"]
[EventType "swiss"]
[EventRounds "9"]
[EventCountry "RUS"]

1. d4 c5 2. d5 g6 3. c4 d6 4. Nc3 Bg7 5. Qc2 e5 6. e4 Ne7 7. Bd3 O-O 8. Nge2 f5
9. exf5 Nxf5 10. O-O Nd4 11. Nxd4 exd4 12. Ne4 Bf5 13. Ng5 Nd7 14. Bxf5 Rxf5
15. f4 Bh6 16. Ne6 Qe7 17. Bd2 Nf8 18. Rae1 Qd7 19. g4 Rf7 20. f5 Bxd2 21. Qxd2
gxf5 22. gxf5 Nxe6 23. dxe6 Rg7+ 24. Kf2 Qe7 25. Qf4 Qf6 26. Rg1 Rf8 27. Rxg7+
Kxg7 28. e7 Re8 29. Re6 Qf7 30. Qg5+ Kh8 31. f6 Qg8 32. Qxg8+ Kxg8 33. Rxd6 Kf7
34. Rd8 b6 35. Kf3 a6 36. Ke4 b5 37. Kf5 1-0

[Event "Chigorin Memorial"]
[Site "St Petersburg"]
[Date "2016.10.22"]
[Round "8.138"]
[White "Peev, Kosta"]
[Black "Ismailov, Ulugbek"]
[Result "0-1"]
[WhiteElo "2108"]
[BlackElo "1895"]
[PlyCount "76"]
[EventDate "2016.10.15"]
[EventType "swiss"]
[EventRounds "9"]
[EventCountry "RUS"]

1. d4 Nf6 2. Nf3 d5 3. e3 e6 4. Bd3 c5 5. b3 Bd6 6. Bb2 Nc6 7. Nbd2 O-O 8. O-O
b6 9. Ne5 Bb7 10. a3 h6 11. f4 Ne7 12. Qe2 Rc8 13. Rad1 Qc7 14. Rc1 Rfe8 15.
Bb5 Red8 16. Ng4 Nxg4 17. Qxg4 Nf5 18. Qf3 c4 19. bxc4 dxc4 20. e4 c3 21. Bxc3
Nh4 22. Qf2 Qxc3 23. Nb1 Qb2 24. Bd3 Be7 25. g3 Ng6 26. f5 exf5 27. exf5 Nf8
28. c3 Qxf2+ 29. Rxf2 Bg5 30. Re1 Re8 31. Rfe2 Rxe2 32. Rxe2 Bf3 33. Re5 Nd7
34. Rb5 Re8 35. Kf2 Bc6 36. Rb2 Nf6 37. h3 Be3+ 38. Kf1 Nh5 0-1

[Event "Chigorin Memorial"]
[Site "St Petersburg"]
[Date "2016.10.22"]
[Round "8.139"]
[White "Slugin, Yaroslav"]
[Black "Alekseev, Mikhail"]
[Result "0-1"]
[WhiteElo "2081"]
[BlackElo "1878"]
[PlyCount "112"]
[EventDate "2016.10.15"]
[EventType "swiss"]
[EventRounds "9"]
[EventCountry "RUS"]

1. d4 Nf6 2. Nf3 g6 3. Bg5 Bg7 4. Nbd2 d5 5. e3 O-O 6. Be2 c5 7. c3 b6 8. O-O
Ba6 9. b4 Bxe2 10. Qxe2 cxb4 11. cxb4 Nc6 12. a3 Ne4 13. Nxe4 dxe4 14. Nd2 Qd5
15. Qc4 Qxc4 16. Nxc4 h6 17. Bh4 Rac8 18. Rac1 g5 19. Bg3 f5 20. b5 Nxd4 21.
exd4 f4 22. Ne5 Bxe5 23. dxe5 fxg3 24. hxg3 Kf7 25. Rfe1 Ke6 26. Rxc8 Rxc8 27.
Rxe4 Rc5 28. a4 Rxe5 29. Rc4 Rc5 30. Rb4 Kd5 31. Rb2 Rc4 32. Ra2 Kc5 33. a5
Kxb5 34. axb6 axb6 35. Re2 Ka4 36. Rxe7 b5 37. Ra7+ Kb3 38. Ra6 b4 39. Rxh6 Kc3
40. f3 b3 41. Kf2 b2 42. Rh1 Kd3 43. Rd1+ Kc2 44. Re1 b1=Q 45. Rxb1 Kxb1 46.
Ke3 Kc2 47. f4 Kc3 48. fxg5 Rg4 49. Kf3 Rxg5 50. g4 Kd4 51. Kf4 Rg8 52. g5 Rf8+
53. Kg4 Ke5 54. Kh5 Rg8 55. g4 Kf4 56. g6 Rh8# 0-1

[Event "Chigorin Memorial"]
[Site "St Petersburg"]
[Date "2016.10.22"]
[Round "8.140"]
[White "Maksimovich, Sergey"]
[Black "Kiseleva, Arina"]
[Result "0-1"]
[WhiteElo "1797"]
[BlackElo "2059"]
[PlyCount "64"]
[EventDate "2016.10.15"]
[EventType "swiss"]
[EventRounds "9"]
[EventCountry "RUS"]

1. e4 c5 2. Nf3 d6 3. d4 cxd4 4. Nxd4 Nf6 5. Nc3 Nc6 6. f3 e5 7. Nb3 Be6 8. Bg5
Be7 9. Nb5 a6 10. Bxf6 gxf6 11. Nc3 f5 12. Bd3 fxe4 13. Nxe4 f5 14. Ned2 Nb4
15. Qe2 Qc7 16. c3 Nxd3+ 17. Qxd3 O-O 18. O-O-O a5 19. Kb1 a4 20. Nc1 a3 21. b3
d5 22. g4 e4 23. Qe3 f4 24. Qe1 Qxc3 25. Nc4 Qg7 26. Rd2 dxc4 27. fxe4 cxb3 28.
Nxb3 Bxb3 29. axb3 Bb4 30. Qd1 Bxd2 31. Qxd2 a2+ 32. Kc2 Rac8+ 0-1

[Event "Chigorin Memorial"]
[Site "St Petersburg"]
[Date "2016.10.22"]
[Round "8.141"]
[White "Kulagin, Sergey"]
[Black "Sanarov, Leonid"]
[Result "1/2-1/2"]
[WhiteElo "2054"]
[BlackElo "1852"]
[PlyCount "213"]
[EventDate "2016.10.15"]
[EventType "swiss"]
[EventRounds "9"]
[EventCountry "RUS"]

1. e4 c6 2. d4 d5 3. Nd2 dxe4 4. Nxe4 Bf5 5. Ng3 Bg6 6. h4 h6 7. Nh3 Nf6 8. Nf4
Bh7 9. Bc4 e6 10. c3 Bd6 11. Nfh5 O-O 12. Bg5 Nbd7 13. Nxf6+ Nxf6 14. Bd3 Bxd3
15. Qxd3 Bxg3 16. fxg3 e5 17. O-O-O exd4 18. Qf5 Qd5 19. Qxd5 Nxd5 20. c4 Nb6
21. Be7 Rfe8 22. Rhe1 Nxc4 23. Rxd4 Nb6 24. g4 Nd5 25. Rde4 f6 26. g5 hxg5 27.
hxg5 fxg5 28. Bxg5 Rxe4 29. Rxe4 Rf8 30. Re2 Rf5 31. Bd2 Kf7 32. Kc2 Rf6 33.
Kd3 Nf4+ 34. Bxf4 Rxf4 35. Ke3 Rf6 36. Rd2 Ke7 37. Ke4 Rd6 38. Rc2 Rd5 39. Rf2
a5 40. Ke3 b5 41. Rf4 Kd6 42. Rf7 g5 43. Rf6+ Kc5 44. Rg6 a4 45. g4 Kb6 46. Ke2
Rc5 47. Kd3 Ka5 48. a3 Rd5+ 49. Kc3 Kb6 50. Rg8 Kc5 51. Rg6 Re5 52. Kd3 Kd5 53.
Rg8 Kd6 54. Rg6+ Kd7 55. Rg7+ Kd6 56. Rg6+ Kc5 57. Rf6 Rd5+ 58. Kc3 Kb6 59. Rg6
Rc5+ 60. Kd3 Kc7 61. Rg8 Kd7 62. Ke4 Ke6 63. Rg6+ Ke7 64. Rh6 Rc2 65. Kf5 c5
66. Kxg5 Rxb2 67. Kf5 b4 68. Re6+ Kd7 69. Ra6 Rf2+ 70. Ke5 b3 71. Kd5 Rf4 72.
Kxc5 Rxg4 73. Rd6+ Kc7 74. Rd2 Kb7 75. Kb5 Rh4 76. Rd7+ Kc8 77. Rd2 Kc7 78. Kc5
Rh6 79. Kb4 Rb6+ 80. Kc3 Rc6+ 81. Kb4 Rb6+ 82. Kc3 Rb5 83. Kb2 Kb6 84. Rd4 Ka5
85. Rh4 Rc5 86. Rh2 Kb5 87. Rg2 Rh5 88. Rf2 Kc5 89. Rg2 Rh4 90. Rf2 Kc4 91. Rg2
Kd3 92. Rf2 Ke3 93. Rg2 Rh1 94. Rg4 Rh2+ 95. Kb1 Kd2 96. Rg3 Ke2 97. Kc1 Rf2
98. Rh3 Rg2 99. Rc3 Rg1+ 100. Kb2 Rg2 101. Kc1 Rg1+ 102. Kb2 Rd1 103. Rc4 Rd2+
104. Kc1 b2+ 105. Kb1 Kd3 106. Rc8 Rh2 107. Rc7 1/2-1/2

[Event "Chigorin Memorial"]
[Site "St Petersburg"]
[Date "2016.10.22"]
[Round "8.142"]
[White "Zubova, Mariya"]
[Black "Rubtsov, Aleksandr"]
[Result "1-0"]
[WhiteElo "2051"]
[BlackElo "1844"]
[PlyCount "89"]
[EventDate "2016.10.15"]
[EventType "swiss"]
[EventRounds "9"]
[EventCountry "RUS"]

1. e4 e5 2. Nf3 Nc6 3. Bb5 a6 4. Ba4 Nf6 5. d3 b5 6. Bb3 Be7 7. Nc3 d6 8. a4 b4
9. Nd5 Rb8 10. Bd2 Nxd5 11. Bxd5 Na5 12. O-O Be6 13. Bxe6 fxe6 14. d4 Nc4 15.
Bc1 Bf6 16. b3 Nb6 17. dxe5 dxe5 18. Qe2 Ra8 19. Bb2 O-O 20. Rad1 Qe7 21. Nxe5
a5 22. Qb5 Qe8 23. Qxe8 Raxe8 24. Bd4 Bxe5 25. Bxe5 Re7 26. Rd2 g5 27. Rfd1 h6
28. Rd8 Rxd8 29. Rxd8+ Kf7 30. Kf1 c6 31. Rh8 Kg6 32. Rg8+ Kh7 33. Rb8 Nd7 34.
Rb7 Rf7 35. Bd6 Kg6 36. Ke2 Kf6 37. Ra7 e5 38. Rxa5 Ke6 39. Bxb4 Rf4 40. f3 g4
41. Be1 gxf3+ 42. gxf3 Rf8 43. Ra6 Rc8 44. b4 Ke7 45. c4 1-0

[Event "Chigorin Memorial"]
[Site "St Petersburg"]
[Date "2016.10.22"]
[Round "8.143"]
[White "Zemnitskiy, Alexander"]
[Black "Rudikov, Dmitry"]
[Result "1/2-1/2"]
[WhiteElo "2044"]
[BlackElo "1823"]
[PlyCount "126"]
[EventDate "2016.10.15"]
[EventType "swiss"]
[EventRounds "9"]
[EventCountry "RUS"]

1. b4 Nf6 2. Bb2 e6 3. b5 d5 4. e3 Bd6 5. Nf3 O-O 6. c4 Nbd7 7. d4 b6 8. Nbd2
Bb7 9. Bd3 c5 10. bxc6 Bxc6 11. cxd5 Nxd5 12. a3 Rc8 13. Rc1 Bb7 14. Nc4 Bb8
15. O-O N7f6 16. Nce5 Rxc1 17. Qxc1 Qd6 18. Qb1 h6 19. Rc1 Nd7 20. a4 Nxe5 21.
Nxe5 Qb4 22. Rc4 Qe7 23. Qc1 Qg5 24. Bf1 Re8 25. f4 Qd8 26. Nc6 Qf6 27. Be2 Rf8
28. Bf3 Re8 29. Rc2 a5 30. Ba3 Kh8 31. Be4 Bxc6 32. Rxc6 Nxf4 33. Qf1 Nd5 34.
Qxf6 Nxf6 35. Bf3 Nd7 36. Bd6 g5 37. Bxb8 Rxb8 38. Rc7 Rd8 39. Bc6 Nf6 40. Rxf7
Ng4 41. Rb7 Nxe3 42. Rxb6 Rxd4 43. Bb5 Re4 44. Ra6 Nc4 45. Bxc4 Rxc4 46. Rxa5
Kg7 47. Kf2 Kf6 48. Ra8 e5 49. a5 Kf5 50. a6 Ra4 51. a7 Ke4 52. Kg3 h5 53. h3
Ra3+ 54. Kh2 h4 55. Kg1 Ra2 56. Kh1 Ra1+ 57. Kh2 Ra2 58. Kh1 Ra1+ 59. Kh2 Ra2
60. Kg1 Ra3 61. Kh1 Ra1+ 62. Kh2 Ra2 63. Kg1 Ra3 1/2-1/2